000 00519nam a22001695i 4500
001 48125
003 ES-MaACL
007 t|
008 950705s1885 xxk ||||1| eng d
040 _aCAM
_bspa
_cCAM
100 1 _aChamberlain, Joseph.
_937854
245 1 0 _aSpeeches
_b: with a sketch of his life /
_cof Joseph Chamberlain; edited by Henry W. Lucy.
260 _aLondon :
_bgeorge Routledge and Sons,
_c1885.
300 _aXII, 13-256 p. ;
_c19 cm.
700 1 _aLucy, Henry W.
_974607
852 _aES-MaACL
_jG-467
999 _c48125
_d48125